ALL Billie Eilish Songs (updated at any new release) - Statistics

General Stats
  • This quiz has been taken 197 times
    107 since last reset
  • The average score is 53 of 64
Answer Stats
Hint Answer % Correct
G4 Happier Than Ever
99%
G6 BIRDS OF A FEATHER
97%
G6 LUNCH
97%
G3 bad guy
96%
G8 Bad Guy (with Justin Bieber)
96%
G6 WILDFLOWER
93%
G4 Therefore I Am
92%
G1 ocean eyes
90%
G5 The 30th
90%
G5 TV
90%
G7 What Was I Made For?
90%
G1 bellyache
89%
G6 BLUE
89%
G3 bury a friend
89%
G6 THE GREATEST
89%
G6 CHIHIRO
88%
G1 COPYCAT
88%
G1 idontwannabeyouanymore
88%
G3 i love you
88%
G2 lovely
88%
G4 Male Fantasy
88%
G6 THE DINER
88%
G3 xanny
88%
G3 goodbye
86%
G6 L'AMOUR DE MA VIE
86%
G7 L'AMOUR DE MA VIE [OVER NOW EXTENDED EDIT]
86%
G4 NDA
86%
G7 No Time To Die
86%
G6 SKINNY
86%
G3 all the good girls go to hell
85%
G6 BITTERSUITE
85%
G8 Guess (with Charli xcx)
85%
G3 listen before i go
85%
G1 watch
85%
G4 Billie Bossa Nova
83%
G2 &burn (with Vince Staples)
83%
G1 hostage
83%
G3 ilomilo
83%
G1 party favor
83%
G3 when the party's over
83%
G3 you should see me in a crown
83%
G3 8
82%
G3 my strange addiction
82%
G3 wish you were gay
82%
G7 everything i wanted
81%
G4 Getting Older
81%
G1 my boy
81%
G4 my future
81%
G4 Halley's Comet
79%
G4 Lost Cause
79%
G4 Oxytocin
79%
G4 Your Power
78%
G4 GOLDWING
76%
G4 I Didn't Change My Number
76%
G4 OverHeated
76%
G7 Six Feet Under
74%
G2 bitches broken hearts
72%
G4 Not My Responsibility
71%
G7 come out and play
69%
G7 Bored
67%
G4 Everybody Dies
65%
G8 Lo Vas a Olvidar (with Rosalía)
61%
G7 WHEN I WAS OLDER
60%
G7 hotline (edit)
54%
No matching quizzes found
Score Distribution
Percent of People with Each Score
Percentile by Number Answered
Your Score History
You have not taken this quiz since the last reset